<?xml version="1.0" encoding="UTF-8"?>
<collection xmlns="http://www.loc.gov/MARC21/slim">
 <record>
  <leader>00978pamaa2200241   4500</leader>
  <controlfield tag="001">0000048092</controlfield>
  <controlfield tag="005">20130815090000.0</controlfield>
  <controlfield tag="008">101012                             eng  </controlfield>
  <datafield tag="020" ind1="0" ind2="0">
   <subfield code="a">9787538160024 (pbk.) </subfield>
  </datafield>
  <datafield tag="090" ind1="0" ind2="0">
   <subfield code="a">RJ53.M35 </subfield>
   <subfield code="b">SCH 2009</subfield>
  </datafield>
  <datafield tag="240" ind1="0" ind2="0">
   <subfield code="a">Bian Xie Shi Er Tong Jing Luo Tui Na Gua Tu</subfield>
  </datafield>
  <datafield tag="245" ind1="1" ind2="4">
   <subfield code="a">The schematic demonstation of chinese massage for children = </subfield>
   <subfield code="l">Bian Xie Shi Er Tong Jing Luo Tui Na Gua Tu  </subfield>
   <subfield code="c">edited by Wang Xuefeng.</subfield>
  </datafield>
  <datafield tag="250" ind1="0" ind2="0">
   <subfield code="a">1st ed.</subfield>
  </datafield>
  <datafield tag="260" ind1="0" ind2="0">
   <subfield code="a">Shen Yang, China: </subfield>
   <subfield code="b">Liaoning Science and Technology Publishing House, </subfield>
   <subfield code="c">2009.</subfield>
  </datafield>
  <datafield tag="300" ind1=" " ind2=" ">
   <subfield code="a">11p: </subfield>
   <subfield code="b">ill.; </subfield>
   <subfield code="c">26 cm.</subfield>
  </datafield>
  <datafield tag="500" ind1="0" ind2="0">
   <subfield code="a">In Chinese</subfield>
  </datafield>
  <datafield tag="500" ind1="0" ind2="0">
   <subfield code="a">Includes 1 vcd titled &quot;The schematic demonstation of chinese massage for children = Bian Xie Shi Er Tong Jing Luo Tui Na Gua Tu / edited by Wang Xuefeng&quot;</subfield>
  </datafield>
  <datafield tag="501" ind1="0" ind2="0">
   <subfield code="a">FMHS</subfield>
  </datafield>
  <datafield tag="650" ind1="0" ind2="0">
   <subfield code="a">Traditional Chinese Medicine </subfield>
  </datafield>
  <datafield tag="650" ind1="0" ind2="0">
   <subfield code="a">Massage for infants </subfield>
  </datafield>
  <datafield tag="650" ind1="0" ind2="0">
   <subfield code="a">Massage for children </subfield>
  </datafield>
  <datafield tag="700" ind1="1" ind2="1">
   <subfield code="a">Xuefeng, </subfield>
   <subfield code="h">Wang </subfield>
  </datafield>
  <datafield tag="901" ind1=" " ind2=" ">
   <subfield code="u">www.sstp.cninkj.cn</subfield>
  </datafield>
 </record>
</collection>
